000 00995nam a22003137a 4500
001 0001395
003 KOHA_MİRAKIL
005 20260207001240.0
007 ta
008 081212b2005 tu |||gre|||#0|||0|tur |
020 _a9751403405
_q(tk.) 9751403847
_qc.7
_q(U-Z)
_c16,854444444444443
040 _aTR-BiSEU
_btur
_cTR-BiSEU
_erda
041 0 _atur
044 _ctu
050 _aB51
_b.H36 2005
100 1 _aHançerlioğlu, Orhan.
245 1 _aFelsefe ansiklopedisi :
_bkavramlar ve akımlar/
_cOrhan Hançerlioğlu ; Orhan Hançerlioğlu.
264 1 _aİstanbul :
_bRemzi Kitabevi
_c2005
300 _a9 c.
336 _ametin
_btxt
_2rdacontent
337 _aaracısız
_bn
_2rdamedia
338 _acilt
_bnc
_2rdacarrier
490 1 _aBüyük fikir kitapları dizisi ;
_v37.
650 0 _aPhilosophy--Encyclopedias.
_94504
650 0 _aFelsefe--Ansiklopediler.
_94505
830 1 _aBüyük fikir kitapları dizisi ;
_v37.
_94506
907 _aAnsiklopedi
942 _2lcc
_cBK
999 _c1384
_d1384